Loading...
| Fine Arts - Classical Music | 0 | 2 | 0 | 0 | 20 | 14 | 60.50 | 1 | 1 | 9.15 | 12.12 |
| History - World | 0 | 2 | 0 | 1 | 20 | 84 | 97.50 | 0 | 0 | 2.39 | 3.03 |
| Current Events | 0 | 2 | 0 | 0 | 20 | 73 | 85.00 | 0 | 1 | 9.00 | 22.22 |
| Geography | 0 | 2 | 0 | 1 | 20 | 63 | 78.00 | 0 | 1 | 8.59 | 15.87 |
| Social Science | 0 | 1 | 0 | 0 | 10 | 104 | 104.00 | 0 | 0 | 0.00 | 1.59 |
| Fine Arts - Other | 0 | 1 | 0 | 0 | 10 | 85 | 85.00 | 0 | 1 | 1.59 | 6.82 |
| History - European | 0 | 1 | 0 | 0 | 10 | 39 | 39.00 | 0 | 0 | 5.78 | 5.05 |
| Science - Physics | 0 | 1 | 0 | 0 | 10 | 104 | 104.00 | 0 | 1 | 0.00 | 4.04 |
| Religion | 0 | 1 | 1 | 0 | 5 | 81 | 81.00 | 0 | 0 | 1.65 | 2.02 |